000 00869cam a2200253 a 4500
001 2740
005 20250822121441.0
020 _a9780590402330
040 _aDLC
_cDLC
_dDLC
_beng
050 0 0 _aPZ7.N964
_b 1985
082 0 0 _a813.54
100 1 _aNumeroff, Laura Joffe
245 1 0 _aIf you give a mouse a cookie /
_cLaura Joffe Numeroff ; illustrated by Felicia Bond.
260 _aNew York :
_bScholastic ,
_c1985
300 _a28 unnumbered pages :
_bcolor illustrations ;
_c21 cm .
505 _aG
520 _aRelating the cycle of requests a mouse is likely to make after you give him a cookie takes the reader through a young child's day.
521 _a410
_bLexile
521 _aG
_bRaz-Plus
650 1 _aMice
_xFiction.
700 1 _aBond, Felicia
_eillustrator
906 _a7
_bcbc
_corignew
_d1
_eocip
_f19
_gy-gencatlg
942 _2lcc
_cBK
_n0
999 _c2740
_d2740